02335nam a2200361 c 450000100060000000300100000600500170001600700030003300800410003602000180007704000350009504100080013004300120013808200240015010000500017424501580022425000220038226400550040430000610045933600270052033700330054733800280058049000240060850508960063252100410152865000330156965000280160265000440163094200120167499900170168695201350170395201350183858581CO-BoRNBP20250826222247.0ta210825s2014 ck d er 000 0 spa d a9789585856356 aCO-BoRNBPbspaerdacCO-BoRNBP0 aspa as-ck---04a305.89608bZ16a223 aZapata Olivella, Manueld1920-2004eaut9121113aEl árbol brujo de la libertad :bÁfrica en Colombia, orígenes-transculturación-presencia : ensayo histórico mítico /cManuel Zapata Olivella. aPrimera edición 1aBogotá, Colombia :bEdiciones desde abajo,c2014 a289 páginas :bilustraciones, tablas en blanco y negro atextobtxt2rdacontent asin mediaciónbn2rdamedia avolumenbnc2rdacarrier0 aPersistente memoria0 aPrimera Parte 1. Génesis de las culturas africanas -- 2. Ahora habla la ciencia -- 3. Lo que dice la historia -- 4. Civilización Bantú en la vieja casa -- 5. Los Babalaos de la resistencia Segunda Parte -- 1. Lumbalú para despertar al rey Benkos -- 2. Memoria de los ancestros -- 3. Primeros afroamericanos en llegar: alemanes y africanos -- 4. Los africanos en las conquistas y primeras fundaciones -- 5. Los mártires de la inquisición -- 6. Entre la corona y la iglesia -- 7. Palenque, primer territorio libre de América Tercera parte 1. Alianzas y alzamientos afro-indígenas en el occidente colombiano -- 2. Llegada y dispersión de la diáspora Cuarta Parte 1. El tempestuoso Siglo XVIII -- 2. Las piezas caducas del colonialismo -- 3. La cultura de la emancipación -- 4. Endoculturación y recreación afro-colombiana -- 5. Unidad y diversidad afrocolombiana aRecomendado para un público adulto07aAfrocolombianos2LEMB93019807aEtnología2lemb9301207aNegrosxHistoriazColombia2LEMB963591 2ddccBK c58581d58581 00102ddc40708GENaMEMAPJGAbMEMAPJGAcGENd2025-08-26l0o305.89608 Z16apMPJG00624r2025-08-26 22:23:17tEj.1w2025-08-26yBK 00102lcc40708GENaMEPCONCObMEPCONCOcGENd2026-02-03l0o305.89608 Z16apPCON00560r2026-02-03 16:29:37tEj.1w2026-02-03yBK